00390nam a2200145Ia 4500008004100000020001500041041001200056082001100068100001500079245007300094260003900167300000800206650001600214700001400230221030s9999 xx 000 0 und d a8131500950 aEnglish a105.23 aR. Barnett 0aEmbedded C Programming & The Microchip PICcby R. Barnett, L. O`cull bThomson LearningaSingaporec2007 a497 aBE Computer aL. O`cull